00494nam a22001697a 450000500170000001000150001702000300003203500140006203700130007608200100008910000100009924500370010926000480014627000800019430000240027470000260029820220520153442.0 aENG-132750 a978-93-5067-473-4c100.00 aEN-116282 bDBAD/PUB 2158.1 aAbhay aHow to develop one & all/cAbhay aVisakhapatnambSreevinay Publicationsc2012 a29-2-34/1, Ist floor, Opp.Judge Court, PrakasraopetabVisakhapatname530002 axii,92p.c21cm(pbk) aRajeshwari, M.S. Raja